| Поле | Инд. | ПП | Название | Значение |
|---|---|---|---|---|
| Тип записи | a | |||
| Библиографический уровень | m | |||
| 001 | Контрольный номер | 1ac67580-f3c2-4eb6-bf7c-83d0a1453d29 | ||
| 005 | Дата корректировки | 20250827181138.1 | ||
| 008 | Кодируемые данные | 071113 | ||
| 020 | a | ISBN | 0-571-22812-0 | |
| c | Цена, тираж | 872.10 | ||
| 040 | a | Служба первич. каталог. | НБ ТвГУ | |
| 041 | 0_ | a | Код языка текста | eng |
| 080 | a | Индекс УДК | 78.035(4) | |
| a | Индекс УДК | 929Гайдн | ||
| a | Индекс УДК | 929Моцарт | ||
| a | Индекс УДК | 929Бетховен | ||
| 084 | a | Индекс другой классификации/Индекс ББК | Щ313(4)45 | |
| a | Индекс другой классификации/Индекс ББК | Щ313(4Авс)45-8Гайдн Ф.Й. | ||
| a | Индекс другой классификации/Индекс ББК | Щ313(4Авс)45-8Моцарт В.А. | ||
| a | Индекс другой классификации/Индекс ББК | Щ313(4Гем)45-8Бетховен Л. | ||
| 090 | x | Авторский знак | R79 | |
| a | Полочн. индекс | Щ313(4) | ||
| 100 | 1_ | a | Автор | Rosen Charles |
| 245 | 14 | a | Заглавие | The classical style |
| b | Продолж. заглавия | Haydn, Mozart, Beethoven | ||
| c | Ответственность | Charles Rosen | ||
| 250 | a | Основные сведения об издании | New ed. | |
| 260 | 0_ | a | Место издания | London |
| b | Издательство | Faber and Faber | ||
| c | Дата издания | 2005 | ||
| 300 | a | Объем | XXXI, 533 p. | |
| b | Иллюстрации/ тип воспроизводства | ill. | ||
| 500 | a | Примечание | НАСТОЯЩИЙ МАТЕРИАЛ (ИНФОРМАЦИЯ) ПРОИЗВЕДЕН, РАСПРОСТРАНЕН И (ИЛИ) НАПРАВЛЕН ИНОСТРАННЫМ АГЕНТОМ, ЯВЛЯЮЩИМСЯ УЧРЕДИТЕЛЕМ (ЧЛЕНОМ, УЧАСТНИКОМ, РУКОВОДИТЕЛЕМ ИЛИ ЛИЦОМ, ВХОДЯЩИМ В СОСТАВ ОРГАНА ЛИЦ УКАЗАНЫХ В ЧАСТИ 4 СТАТЬИ 9 ФЕДЕРАЛЬНОГО ЗАКОНА «О КОНТРОЛЕ ЗА ДЕЯТЕЛЬНОСТЬЮ ЛИЦ, НАХОДЯЩИХСЯ ПОД ИНОСТРАННЫМ ВЛИЯНИЕМ») ВКЛЮЧЕННОГО В РЕЕСТР ИНОСТРАННЫХ АГЕНТОВ | |
| 504 | a | Библиография | Bibliogr.: p. XXIX-XXX. - Ind.: p. 523-533. | |
| 583 | a | Действие | Получение впервые 290 12.11.2007 | |
| k | Исполнитель действия | Дар Оксфордско-Российского Фонда | ||
| 650 | 04 | a | Основная рубрика | Музыка классическая |
| x | Основная подрубрика | История | ||
| y | Хронологическая подрубрика | 18-19 вв. | ||
| z | Географическая подрубрика | Европа | ||
| z | Географическая подрубрика | Австрия | ||
| z | Географическая подрубрика | Германия | ||
| 650 | 04 | a | Основная рубрика | Венская классическая школа |
| 650 | 04 | a | Основная рубрика | Гайдн, Франц Йозеф, о нем |
| 650 | 04 | a | Основная рубрика | Моцарт, Вольфганг Амадей, о нем |
| 650 | 04 | a | Основная рубрика | Бетховен, Людвиг ван, о нем |
| 653 | 0_ | a | Ключевые слова | Музыка |
| a | Ключевые слова | История музыки | ||
| a | Ключевые слова | Классическая музыка | ||
| a | Ключевые слова | Музыкальная классика | ||
| a | Ключевые слова | Венская классическая школа | ||
| a | Ключевые слова | Гайдн | ||
| a | Ключевые слова | Моцарт | ||
| a | Ключевые слова | Бетховен | ||
| a | Ключевые слова | Австрийская музыка | ||
| a | Ключевые слова | Немецкая музыка | ||
| a | Ключевые слова | Композиторы | ||
| a | Ключевые слова | Персоналии | ||
| a | Ключевые слова | Оксфордско-Российский фонд | ||
| 852 | 41 | t | Порядковый номер экземпляра | 1 |
| p | Инвентарный номер | 887874 | ||
| 863 | t | 00205358 | ||
| 888 | a | Бесплатные | ||
| 930 | a | Новая/Ретро | иностр | |
| a | Новая/Ретро | англ | ||
| a | Новая/Ретро | персоналии | ||
| 952 | p | 290.2007 872.10 1 887874 | ||
| c | Вид литературы | К ин | ||
| 954 | a | Дата поступления на обработку | 20071204 | |
| 999 | a | Подразделение 2 | ч.з. |